000 00547nam a2200217Ia 4500
003 0100
005 20150826145255.0
008 130303s9999 xx 000 0 und d
020 _a0801821223
040 _cARRUPELIB
050 _aB1878.D38
245 _aDescartes
245 _bcritical and Interpretive Essays
260 _aBaltimore
260 _bJohns Hopkins University Press
_c1978
300 _a322p.
300 _b 23cm
650 _aPHILOSOPHY
_918906
700 _aHooker, Michael (ed.)
_918907
942 0 0 _01
_2lcc
_cMONOGRAPH
999 _c27321
_d27321